[Event "ECU-ch (Women)"]
[Site "Quito"]
[Date "2023.06.22"]
[Round "3"]
[White "Vargas Orozco, Yolanda Nicolth"]
[Black "Santillan Vareles, Stefanny Belen"]
[Result "0-1"]
[WhiteElo "1182"]
[BlackElo "1673"]
[PlyCount "98"]
[EventDate "2023.06.21"]
[EventType "swiss"]
[EventRounds "9"]
[EventCountry "ECU"]
[SourceTitle "CBM 215 Extra"]
[Source "ChessBase"]
[SourceDate "2023.09.30"]
[SourceVersion "1"]
[SourceVersionDate "2023.09.30"]
[SourceQuality "1"]

1. e4 c5 2. Nf3 e6 3. c3 Nf6 4. e5 Nd5 5. d4 d6 6. Bb5+ Bd7 7. Bxd7+ Qxd7 8. 0-0 Nc6 9. Bg5 Be7 10. Bxe7 Qxe7 11. Re1 dxe5 12. dxe5 0-0 13. Qc2 Rad8 14. Nbd2 f6 15. exf6 Qxf6 16. Nf1 Nf4 17. Ng3 c4 18. Qe4 Nd3 19. Qxe6+ Qxe6 20. Rxe6 Nxb2 21. h3 Na4 22. Re4 b5 23. Ne2 Rd3 24. Re6 Rc8 25. Rc1 Nc5 26. Re3 Rxe3 27. fxe3 a6 28. Rd1 Nd3 29. Ne1 Nce5 30. Nxd3 cxd3 31. Nf4 Rxc3 32. g4 d2 33. Kf2 Nc4 34. e4 g5 35. Nd5 Rxh3 36. e5 Rh2+ 37. Kg3 Re2 38. Kf3 Rxe5 39. Nf6+ Kg7 40. Ne4 Rd5 41. Ke2 Rd4 42. Nxg5 Rxg4 43. Ne6+ Kf6 44. Nc5 Ke5 45. Nd3+ Kd4 46. Nf2 Rg3 47. Rh1 Re3+ 48. Kd1 Kc3 49. Rxh7 Nb2# 0-1

[Event "ECU-chT U20 Girls"]
[Site "Carpuela"]
[Date "2014.05.06"]
[Round "7.3"]
[White "Santillan Vareles, Stefanny Belen"]
[Black "Tuarez Zambrano, Lusseny Jamil"]
[Result "1-0"]
[WhiteElo "1604"]
[BlackElo "1544"]
[PlyCount "47"]
[EventDate "2014.05.03"]
[EventType "team-swiss"]
[EventRounds "7"]
[EventCountry "ECU"]
[SourceTitle "CBM 160 Extra"]
[Source "ChessBase"]
[SourceDate "2014.07.01"]
[SourceVersion "1"]
[SourceVersionDate "2014.07.01"]
[SourceQuality "1"]
[WhiteTeam "Guayas (W)"]
[BlackTeam "Esmeraldas (W)"]
[WhiteTeamCountry "ECU"]
[BlackTeamCountry "ECU"]

1. Nf3 c6 2. d4 d5 3. c4 Bf5 4. Nc3 e6 5. e3 Nf6 6. Be2 h6 7. 0-0 Qc7 8. h3 g5 9. cxd5 cxd5 10. Bd2 a6 11. Rc1 Qd7 12. Ne5 Qd8 13. Na4 Ne4 14. Bh5 Bg6 15. Nxg6 fxg6 16. Bxg6+ Kd7 17. Bxe4 dxe4 18. Nc5+ Ke7 19. Nxb7 Qd5 20. Rc7+ Kf6 21. Qh5 Be7 22. f3 Kg7 23. Rxe7+ Kf8 24. Qf7# 1-0

[Event "ECU-chT U20 Girls"]
[Site "Carpuela"]
[Date "2014.05.03"]
[Round "2.3"]
[White "Villao Miraba, Maria Gabriela"]
[Black "Santillan Vareles, Stefanny Belen"]
[Result "0-1"]
[WhiteElo "1548"]
[BlackElo "1604"]
[PlyCount "40"]
[EventDate "2014.05.03"]
[EventType "team-swiss"]
[EventRounds "7"]
[EventCountry "ECU"]
[SourceTitle "CBM 160 Extra"]
[Source "ChessBase"]
[SourceDate "2014.07.01"]
[SourceVersion "1"]
[SourceVersionDate "2014.07.01"]
[SourceQuality "1"]
[WhiteTeam "Santa Elena (W)"]
[BlackTeam "Guayas (W)"]
[WhiteTeamCountry "ECU"]
[BlackTeamCountry "ECU"]

1. d4 Nf6 2. c4 g6 3. Nf3 Bg7 4. Nc3 0-0 5. e4 d6 6. h3 e5 7. d5 Na6 8. a3 Nc5 9. Qc2 a5 10. Be2 a4 11. 0-0 Nb3 12. Rb1 Nxc1 13. Rbxc1 Bd7 14. b4 axb3 15. Qxb3 b6 16. Nd2 Ne8 17. Bd3 Bxh3 18. Nf3 Bg4 19. Qd1 Rxa3 20. Nb5 Ra8 0-1